Applied Science - I (Record no. 305120)
[ view plain ]
| 000 -LEADER | |
|---|---|
| fixed length control field | 00470nam a2200157Ia 4500 |
| 008 - FIXED-LENGTH DATA ELEMENTS--GENERAL INFORMATION | |
| fixed length control field | 230718s9999 xx 000 0 und d |
| 041 ## - LANGUAGE CODE | |
| Language code of text/sound track or separate title | eng |
| 082 ## - DEWEY DECIMAL CLASSIFICATION NUMBER | |
| Classification number | 600 |
| Item number | KUL |
| 100 ## - MAIN ENTRY--PERSONAL NAME | |
| Personal name | Kulkarni A.D. |
| 245 ## - TITLE STATEMENT | |
| Title | Applied Science - I |
| 260 ## - PUBLICATION, DISTRIBUTION, ETC. (IMPRINT) | |
| Date of publication, distribution, etc. | 2003 |
| Name of publisher, distributor, etc. | Tech Max |
| 300 ## - PHYSICAL DESCRIPTION | |
| Accompanying material [OBSOLETE, CAN/MARC] | Ref 702 E (16327), Ref 196 G (17886), Ref 197 G (17916) |
| 365 ## - TRADE PRICE | |
| Currency code | Rs. |
| Price amount | 170.00 |
| 700 ## - ADDED ENTRY--PERSONAL NAME | |
| Personal name | Kulkarni A.D., Walekar V.K, Deshpande M.S. & Shukla S.N. |
| 906 ## - LOCAL DATA ELEMENT F, LDF (RLIN) | |
| d | B:1692312-Mar-2003 |
| c | ETC |
| b | 15 |
| Withdrawn status | Lost status | Source of classification or shelving scheme | Reference No | Damaged status | Not for loan | Home library | Current library | Date acquired | Vendor | Budget Code | Cost, normal purchase price | Bill number | Full call number | Barcode | Date last seen | Discount | Cost, replacement price | Bill Date | Koha item type | Original Barcode |
|---|---|---|---|---|---|---|---|---|---|---|---|---|---|---|---|---|---|---|---|---|
| Dewey Decimal Classification | Ref 702 E (16327) | Reference | Cummins College of Engineering for Women Pune | Cummins College of Engineering for Women Pune | 17/03/2003 | Pradeep Book Distributors | ETC | 155.00 | 16923 | 600 | CCEP-BK-16327 | 18/07/2023 | 15 | 170.00 | 12/03/2003 | Books | 016327 |